000
00291nam a2200121Ia 4500
008
220216s9999 xx 000 0 und d
245
4
_a
The Tyre industry of China
260
_b
Automotive Rubber Trends
_c
2000
300
_a
53-66
650
_a
China
650
_a
Tyre industry
942
_c
JS
999
_c
71105
_d
71105